01543nam a2200337 a 4500001001200000003000800012006001900020007001500039008004100054020001800095020002700113040002100140035002100161043001200182050002800194082001700222100002800239245017300267260006400440300006500504504005100569533015200620588009500772650004800867650005700915650002700972655002900999700003401028710001701062856012601079ebr10699916CaPaEBRm o u cr cn|||||||||150303s2013 cauao sb 001 0 eng d z9780520268555 z9780520954809 (e-book) aCaPaEBRcCaPaEBR a(OCoLC)843881771 an-usp--14aQC903.2.U6b.I54 2013eb04a551.69782231 aIngram, B. Lynn,d1961-14aThe West without waterh[electronic resource] :bwhat past floods, droughts, and other climatic clues tell us about tomorrow /cB. Lynn Ingram and Frances Malamud-Roam. aBerkeley, Calif. :bUniversity of California Press,cc2013. a1 online resource (xx, 256 p.) :bill., photographs, graphs. aIncludes bibliographical references and index. aElectronic reproduction.bPalo Alto, Calif. :cebrary,d2015.nAvailable via World Wide Web.nAccess may be limited to ebrary affiliated libraries. aDescription based on online resource; title from title page (ebrary, viewed May 24, 2013). 0aClimatic changeszWest (U.S.)xForecasting. 0aClimatic changesxEnvironmental aspectszWest (U.S.) 0aHydrologyzWest (U.S.) 7aElectronic books.2local1 aMalamud-Roam, Frances,d1961-2 aebrary, Inc.40uhttp://site.ebrary.com/lib/rucke/Doc?id=10699916zAn electronic book accessible through the World Wide Web; click to view